000 00407cam a22001217a 4500
008 180718b1992 xxu||||| |||| 00| 0 eng d
082 _aAPPPA 91-92 DHI
100 _aDhillon, R.S.
245 _aDrug abuse: various kinds of drugs used for it and their effects on human body
_cby R.S. Dhillon
260 _aNew Delhi
_bIndian Institute of Public Administration
_c1992
300 _a116p.
650 _aDrug abuse
999 _c501586
_d501586